राजकन्या / (Record no. 118756)

MARC details
000 -LEADER
fixed length control field 01256nam a22002897a 4500
003 - CONTROL NUMBER IDENTIFIER
control field dpl
005 - DATE AND TIME OF LATEST TRANSACTION
control field 20190729144559.0
008 - FIXED-LENGTH DATA ELEMENTS--GENERAL INFORMATION
fixed length control field 190410b ||||| |||| 00| 0 eng d
010 ## - LIBRARY OF CONGRESS CONTROL NUMBER
LC control number B-200470
020 ## - INTERNATIONAL STANDARD BOOK NUMBER
Terms of availability 200.00
International Standard Book Number 8190153277
035 ## - SYSTEM CONTROL NUMBER
System control number B-200470, B-200484, B-200488
037 ## - SOURCE OF ACQUISITION
Source of stock number/acquisition Cen Lib/Ret
040 ## - CATALOGING SOURCE
Original cataloging agency DPL
Language of cataloging HN
Transcribing agency 0
082 ## - DEWEY DECIMAL CLASSIFICATION NUMBER
Classification number
Item number आशापू
100 ## - MAIN ENTRY--PERSONAL NAME
Personal name आशापूर्णा देवी
9 (RLIN) 81769
245 ## - TITLE STATEMENT
Title राजकन्या /
Statement of responsibility, etc आशापूर्णा देवी;अनुवादक मृदुला शर्मा
246 ## - VARYING FORM OF TITLE
Title proper/short title Rajkanya /
Remainder of title by Ashapurna Devi;anuvadak Mridula Sharma
260 ## - PUBLICATION, DISTRIBUTION, ETC. (IMPRINT)
Place of publication, distribution, etc दिल्ली
Name of publisher, distributor, etc राष्ट्रभाषा संस्थान
Date of publication, distribution, etc 2004
270 ## - ADDRESS
Address 30/35,36, लेन नं-9, विश्वास नगर शाहदरा
City दिल्ली
Postal code 110032
300 ## - PHYSICAL DESCRIPTION
Extent 192पृ.
Dimensions 21सेमी(सजिल्द )
650 ## - SUBJECT ADDED ENTRY--TOPICAL TERM
Topical term or geographic name as entry element साहित्य--कहानियां
General subdivision
Geographic subdivision
9 (RLIN) 81770
650 ## - SUBJECT ADDED ENTRY--TOPICAL TERM
Topical term or geographic name as entry element हिंदी कहानियां
9 (RLIN) 2082
650 ## - SUBJECT ADDED ENTRY--TOPICAL TERM
Topical term or geographic name as entry element Literature--Stories
9 (RLIN) 81771
650 ## - SUBJECT ADDED ENTRY--TOPICAL TERM
Topical term or geographic name as entry element Hindi Stories
9 (RLIN) 81772
700 ## - ADDED ENTRY--PERSONAL NAME
Personal name शर्मा, मृदुला
9 (RLIN) 81773
942 ## - ADDED ENTRY ELEMENTS (KOHA)
Source of classification or shelving scheme Dewey Decimal Classification
Koha item type Hindi Books
Classification part
Call number suffix आशापू
Holdings
Withdrawn status Lost status Damaged status Not for loan Home library Current library Date acquired Source of acquisition Cost, normal purchase price Total Checkouts Total Renewals Full call number Barcode Date last seen Date checked out Copy number Cost, replacement price Price effective from Koha item type Source of classification or shelving scheme Collection code Uniform Resource Identifier
        Central Library Central Library 12/09/2015 Cen Lib/Ret 200.00 1 2 क आशापू B-200470 06/03/2024 01/02/2024 1 200.00 12/09/2015 Hindi Books      
      Not For Loan R.C.Libraries (BL-IV) R.C.Libraries (BL-IV) 29/07/2019   200.00     क आशापू b-200488 29/07/2019       29/07/2019 Hindi Books Dewey Decimal Classification   200.00
        Sarojini Nagar Sarojini Nagar 14/10/2021     8 2 क आशापू B-200480 16/03/2026 18/02/2026     14/10/2021 Hindi Books Dewey Decimal Classification Fiction  
        Shahdara Branch Shahdara Branch 10/04/2019 BPPD/PUB 200.00 2 1 क आशापू B-200484 04/07/2025 23/06/2025   200.00 10/04/2019 Hindi Books Dewey Decimal Classification Fiction  

© Delhi Public Library
Hit Counter
free hit counter